000 00698cam a2200277 4500
001 ABS61718
008 000000n1999 000 0 eng u
035 _a(Sirsi) u103323
245 _aSpecial report '99: Leisure
260 _c1999
490 _aEstates Gazette
_v (9948) 43 December 1999, 95-117(13)
590 _aABS
650 _aLEISURE PROPERTY
650 _aFITNESS CENTRES
650 _aLEISURE MARKET
650 _aHOTEL MARKET
650 _aSERVICED APARTMENTS
650 _aEUROPE
650 _aCITY CENTRES
650 _aLEEDS
650 _aNEWCASTLE UPON TYNE
650 _aBIRMINGHAM
650 _aMANCHESTER
690 _aLEISURE AND RECREATION
942 _n0
999 _c62098
_d62098